000 01444 a2200229 4500
001 4287
005 20260407155434.0
008 260407a2010 arg spa d
003 AR-UNSa-BCEJYS
040 _aAR-UNSa-BCEJYS
_bspa
_cAR-UNSa-BCEJYS
080 _a347.836
_xLey de la radiodifusión. Transmisión y recepción de radiocomunicaciones
245 1 0 _aServicios de comunicación audiovisual
_pRégimen legal. Derecho comparado
020 _a978-987-03-1879-8
264 1 _aBuenos Aires :
_bUniversidad de Buenos Aires. Facultad de Derecho
_c2010
300 _axxi, 383 p.
_c24 cm.
505 _a1. Importancia de los medios y vías de radiodifusión en la Jurisprudencia de la Corte - 2. Servicios de radiodifusión ¿Servicios públicos o servicios de interés público? - 3. De los servicios audiovisuales - 4. La actividad de la radiodifusión como ejercicio de un derecho humano - 5. La transmisión de los derechos deportivos. titularidad de los derechos de transmisión - 6. Las productoras de contenidos. Los contratos artísticos - 7. Las industrias culturales en la legislación Argentina - 8. Nuevos Servicios convergentes de vídeo, voz y datos
942 _cBK
590 _aniveau_biblio:m niveau_hierar:0
100 1 _aEtcheverry, Raúl Aníbal
700 1 _aPachecoy, Susana E.
856 4 1 _uhttps://biblioeco.unsa.edu.ar/pmb/images/libros/Servicios de comunicacion audiovisual2-l118369.jpg
_yImagen de portada
_qimage/jpeg
999 _c417
_d417